Planning and progress control. (Record no. 60373)

MARC details
000 -LEADER
fixed length control field 00707cam a2200181 4500
001 - CONTROL NUMBER
control field ABS60725
008 - FIXED-LENGTH DATA ELEMENTS--GENERAL INFORMATION
fixed length control field 000000n1999 000 0 eng u
035 ## - SYSTEM CONTROL NUMBER
System control number (Sirsi) u101212
110 ## - MAIN ENTRY--CORPORATE NAME
Corporate name or jurisdiction name as entry element Joint Development Board
9 (RLIN) 3495
245 ## - TITLE STATEMENT
Title Planning and progress control.
260 ## - PUBLICATION, DISTRIBUTION, ETC.
Date of publication, distribution, etc. 1999
490 ## - SERIES STATEMENT
Series statement Cost Engineer
Volume/sequential designation 37(3) May 1999, 10-12(3)
520 ## - SUMMARY, ETC.
Summary, etc. Discusses the importance of planning and controlling a construction project and outlines the three levels of planning which offer different amounts of detail to reflect the needs of the users of the information. Graphs.
650 ## - SUBJECT ADDED ENTRY--TOPICAL TERM
Topical term or geographic name entry element MANAGEMENT-PROJECT MANAGEMENT
650 ## - SUBJECT ADDED ENTRY--TOPICAL TERM
Topical term or geographic name entry element PLANNING
690 ## - LOCAL SUBJECT ADDED ENTRY--TOPICAL TERM (OCLC, RLIN)
Topical term or geographic name as entry element BUILDING AND CONSTRUCTION-PROJECTS
942 ## - ADDED ENTRY ELEMENTS (KOHA)
Suppress in OPAC 0
Holdings
Withdrawn status Lost status Source of classification or shelving scheme Damaged status Not for loan Home library Current library Shelving location Date acquired Total Checkouts Full call number Barcode Date last seen Copy number Price effective from Koha item type
    Dewey Decimal Classification     London London Journal article 02/11/1999   ABS60725 101212-1001 06/08/2019 1 06/08/2019 Journal article